"Free" Countries in the World - Statistics

General Stats
  • This quiz has been taken 44 times
  • The average score is 65 of 82
Answer Stats
Freedom Indice (0-100) Country % Correct
100 Finland
97%
100 Sweden
97%
93 United Kingdom
97%
95 Australia
94%
98 Canada
94%
94 Iceland
94%
97 Ireland
94%
99 New Zealand
94%
100 Norway
94%
96 Portugal
94%
90 Spain
94%
83 United States
94%
93 Austria
91%
92 Czechia
91%
89 France
91%
90 Italy
91%
97 Luxembourg
91%
81 Poland
91%
94 Chile
88%
97 Denmark
88%
96 Japan
88%
90 Slovakia
88%
95 Slovenia
88%
96 Switzerland
88%
94 Taiwan
88%
93 Andorra
85%
85 Argentina
85%
96 Belgium
85%
72 Brazil
85%
84 Croatia
85%
94 Estonia
85%
94 Germany
85%
86 Greece
85%
90 Liechtenstein
85%
89 Malta
85%
97 Netherlands
85%
83 Romania
85%
92 Cyprus
82%
70 Ecuador
82%
76 Israel
82%
88 Latvia
82%
84 Monaco
82%
96 Uruguay
82%
70 Colombia
79%
70 Peru
79%
97 San Marino
79%
79 South Africa
79%
83 South Korea
79%
91 Costa Rica
76%
91 Kiribati
76%
89 Lithuania
76%
92 Palau
76%
83 Panama
76%
89 Saint Kitts and Nevis
76%
81 Tonga
76%
89 Grenada
74%
73 Guyana
74%
92 Saint Lucia
74%
91 Saint Vincent and the Grenadines
74%
94 Barbados
71%
79 Bulgaria
71%
93 Marshall Islands
71%
83 Samoa
71%
79 Suriname
71%
93 Tuvalu
71%
82 Vanuatu
71%
85 Antigua and Barbuda
68%
91 Bahamas
68%
93 Dominica
68%
76 Nauru
68%
82 Trinidad and Tobago
68%
92 Federated States of Micronesia
65%
85 Mauritius
65%
79 Seychelles
65%
87 Belize
62%
89 Jamaica
59%
72 Botswana
56%
84 Mongolia
53%
84 São Tomé and Príncipe
50%
76 Namibia
44%
80 Ghana
38%
92 Cabo Verde
15%
No matching quizzes found
Score Distribution
Percent of People with Each Score
Percentile by Number Answered
Your Score History
You have not taken this quiz